000
00256nam a2200109Ia 4500
008
230907s9999||||xx |||||||||||||| ||und||
082
_a
530.12
_b
BRA
245
0
_a
Quantum mechanics /
260
_a
Pearson,
_b
Noida :
_c
2007
300
_a
803 p.
942
_c
BK
999
_c
601525
_d
601525